[Event "67th ch-RUS HL 2014"]
[Site "Vladivostok RUS"]
[Date "2014.06.11"]
[Round "7.16"]
[White "Rychkov, Oleg"]
[Black "Shomoev, Anton"]
[Result "0-1"]
[WhiteTitle "FM"]
[BlackTitle "GM"]
[WhiteElo "2333"]
[BlackElo "2574"]
[WhiteFideId "4122852"]
[BlackFideId "4135148"]
[EventDate "2014.06.04"]

1. e4 c5 2. Nf3 d6 3. c3 Nf6 4. Be2 g6 5. O-O Bg7 6. Bb5+ Nc6 7. Re1 O-O 8. h3
e5 9. d4 cxd4 10. cxd4 Nxd4 11. Nxd4 exd4 12. Qxd4 Be6 13. Nd2 Nd5 14. Qa4 Nb6
15. Qa5 a6 16. Bd3 Rc8 17. Nf3 Nc4 18. Qxd8 Rfxd8 19. Ng5 Nxb2 20. Bxb2 Bxb2 21.
Nxe6 fxe6 22. Rab1 Bc3 23. Re2 b5 24. a4 bxa4 25. Ra2 a5 26. Rb7 Rb8 27. Ra7 Rb4
28. Bc2 Rdb8 29. g3 Rb2 30. Rxb2 Rxb2 31. Bxa4 Rxf2 32. Rxa5 Bd4 33. Kh1 Re2 34.
Ra8+ Kf7 35. Be8+ Ke7 36. Bc6 Re3 37. Kg2 h5 38. h4 Be5 39. Ra7+ Kf8 40. Bd7
Rxg3+ 41. Kf2 Rg4 42. Ke3 Ke7 43. Bc6+ Kf6 44. Be8 Rxh4 45. Rf7+ Kg5 46. Re7
Bf4+ 47. Kd4 Be5+ 48. Ke3 Rf4 49. Rxe6 Rf6 50. Re7 Kg4 51. Rh7 h4 52. Ke2 Kg3
53. Rh6 g5 0-1

[Event "67th ch-RUS HL 2014"]
[Site "Vladivostok RUS"]
[Date "2014.06.11"]
[Round "7.17"]
[White "Oparin, Grigoriy"]
[Black "Yuffa, Daniil"]
[Result "1-0"]
[WhiteTitle "GM"]
[BlackTitle "IM"]
[WhiteElo "2552"]
[BlackElo "2444"]
[WhiteFideId "24125890"]
[BlackFideId "24131423"]
[EventDate "2014.06.04"]

1. e4 c6 2. Nc3 d5 3. Nf3 Bg4 4. h3 Bxf3 5. Qxf3 Nf6 6. Be2 d4 7. Nb1 e5 8. Bc4
b5 9. Bb3 Nbd7 10. d3 Nc5 11. O-O a5 12. a4 Nxb3 13. cxb3 Qb8 14. axb5 cxb5 15.
Bd2 Bd6 16. Rxa5 Rxa5 17. Bxa5 b4 18. Nd2 O-O 19. Nc4 Re8 20. Qf5 Re6 21. Nxd6
Qxd6 22. Rc1 Qa6 23. Bc7 Nd7 24. Rc4 h6 25. Kh2 Qb5 26. Bd8 Nc5 27. Qf3 Re8 28.
Bh4 Nxb3 29. Rc7 Rf8 30. Be7 Qb6 31. Rd7 Qe6 32. Rb7 Rc8 33. Bxb4 Rc2 34. Ba3
Rd2 35. Rc7 Qf6 36. Qxf6 gxf6 37. Be7 Rxf2 38. Kg1 Rf4 39. Rc2 Kg7 40. Rf2 Rxf2
41. Kxf2 h5 42. Kf3 Nd2+ 43. Ke2 Nb3 44. Kf3 Nd2+ 45. Kg3 Nb3 46. Kh4 f5 47.
exf5 Nc1 48. b4 Nxd3 49. Kg5 e4 50. Bf6+ Kh7 51. b5 e3 52. Bxd4 f6+ 53. Kxf6 e2
54. Bc3 e1=Q 55. Bxe1 Nxe1 56. b6 Nd3 57. Kg5 Nc5 58. Kxh5 Kg7 59. Kg5 Kf7 60.
h4 Ne4+ 61. Kf4 Nc5 62. g4 1-0

[Event "67th ch-RUS HL 2014"]
[Site "Vladivostok RUS"]
[Date "2014.06.11"]
[Round "7.18"]
[White "Evdokimov, Alexander A."]
[Black "Nevostrujev, Vladimir"]
[Result "1/2-1/2"]
[WhiteTitle "GM"]
[BlackTitle "GM"]
[WhiteElo "2548"]
[BlackElo "2421"]
[WhiteFideId "4139275"]
[BlackFideId "4114345"]
[EventDate "2014.06.04"]

1. Nf3 d5 2. c4 e6 3. g3 dxc4 4. Qa4+ Nd7 5. Qxc4 a6 6. Qc2 b5 7. Bg2 Bb7 8. O-O
c5 9. a4 Ngf6 10. Nc3 b4 11. Nd1 Be7 12. Ne3 O-O 13. d3 a5 14. Nc4 Nb6 15. Nxb6
Qxb6 16. Bg5 Bxf3 17. Bxf3 Rac8 18. Qb3 Rc7 19. Rac1 Rfc8 20. Rc2 Kf8 21. Rfc1
Nd7 22. Bxe7+ Kxe7 23. Qc4 Qd6 24. Qb5 Qb6 25. b3 Qxb5 26. axb5 Kd6 27. Ra2 Ra7
28. Rca1 Kc7 29. Rxa5 Rxa5 30. Rxa5 Kb6 31. Ra6+ Kxb5 32. Ra7 Rd8 33. Bg2 Ne5
34. Rb7+ Ka6 35. f4 Rd7 36. Rb8 Ng4 37. Bf3 Ne3 38. Kf2 Nd1+ 39. Ke1 Ne3 40. Kf2
Nd1+ 41. Ke1 Ne3 42. Bc6 Rc7 43. Ba4 h5 44. Kf2 Nf5 45. e3 Ka7 46. Rh8 g6 47. h3
Kb6 48. Rd8 Re7 49. Rb8+ Rb7 50. Rf8 Ra7 51. g4 hxg4 52. hxg4 Nd6 53. Rd8 Rxa4
54. bxa4 b3 55. Rb8+ Nb7 56. a5+ Ka7 57. Rh8 c4 58. dxc4 Nc5 59. Ke2 b2 60. Rh1
Ne4 61. Re1 Nc3+ 62. Kd3 b1=Q+ 63. Rxb1 Nxb1 64. g5 Ka6 65. Kd4 Nd2 66. c5 Kxa5
67. Ke5 Nc4+ 68. Kf6 Nxe3 69. Kxf7 Kb5 70. Kxe6 Kxc5 71. Kf6 Nd5+ 72. Kxg6 Nxf4+
73. Kf5 Nh5 74. Kg6 Nf4+ 75. Kf5 Nh5 76. Kg6 Nf4+ 1/2-1/2

[Event "67th ch-RUS HL 2014"]
[Site "Vladivostok RUS"]
[Date "2014.06.11"]
[Round "7.19"]
[White "Gochelashvili, David"]
[Black "Iskusnyh, Sergei"]
[Result "1/2-1/2"]
[WhiteTitle "IM"]
[BlackTitle "GM"]
[WhiteElo "2431"]
[BlackElo "2478"]
[WhiteFideId "4161203"]
[BlackFideId "4120027"]
[EventDate "2014.06.04"]

1. e4 e6 2. d4 d5 3. Nc3 Nf6 4. Bg5 dxe4 5. Nxe4 Nbd7 6. Nf3 h6 7. Nxf6+ Nxf6 8.
Bh4 c5 9. Bc4 cxd4 10. O-O Be7 11. Qe2 O-O 12. Rad1 Qb6 13. Nxd4 Nd5 14. Bxe7
Nxe7 15. c3 Bd7 16. Rd2 Rfd8 17. Rfd1 Ba4 18. b3 Be8 19. Qe5 Nc6 20. Qe4 Nxd4
21. cxd4 Bb5 22. d5 Bxc4 23. bxc4 exd5 24. Rxd5 Re8 25. Qf4 Re7 26. h3 Rae8 27.
Rd7 Qe6 28. Rxe7 Qxe7 29. a4 b6 30. Rd5 Rc8 31. Qd4 Qe2 32. c5 bxc5 33. Rxc5
Rxc5 34. Qxc5 Qd1+ 35. Kh2 Qxa4 36. Qc8+ Kh7 37. Qf5+ Kg8 38. Qc8+ Kh7 39. Qf5+
Kg8 40. Qc8+ Kh7 1/2-1/2

[Event "67th ch-RUS HL 2014"]
[Site "Vladivostok RUS"]
[Date "2014.06.11"]
[Round "7.20"]
[White "Moiseenko, Vadim"]
[Black "Gritsenko, Andrey"]
[Result "1-0"]
[WhiteTitle "IM"]
[BlackTitle "IM"]
[WhiteElo "2474"]
[BlackElo "2418"]
[WhiteFideId "4123700"]
[BlackFideId "4197933"]
[EventDate "2014.06.04"]

1. e4 c5 2. f4 Nc6 3. Nf3 d6 4. Bb5 g6 5. O-O Bg7 6. c3 a6 7. Bxc6+ bxc6 8. d3
Nf6 9. Qe1 O-O 10. c4 d5 11. Nc3 Be6 12. e5 Nd7 13. b3 Bf5 14. Qe2 e6 15. h3 h5
16. Na4 f6 17. Bb2 d4 18. Ba3 fxe5 19. fxe5 g5 20. Nxc5 g4 21. Nxd4 Nxe5 22.
Ndxe6 Qe7 23. Rae1 Bxe6 24. Rxf8+ Rxf8 25. Nxe6 Qxa3 26. Nxg7 Qc5+ 27. Qe3 Nxd3
28. Qxc5 Nxc5 29. Nxh5 gxh3 30. gxh3 Nd3 31. Re6 Rf5 32. Ng3 Ra5 33. a4 Rg5 34.
Kh2 Nb4 35. h4 Rg4 36. h5 Kh7 37. Kh3 Rd4 38. Ne4 1-0

[Event "67th ch-RUS HL 2014"]
[Site "Vladivostok RUS"]
[Date "2014.06.11"]
[Round "7.21"]
[White "Diu, Viacheslav"]
[Black "Nechaev, Oleg"]
[Result "0-1"]
[WhiteTitle "IM"]
[WhiteElo "2468"]
[BlackElo "2331"]
[WhiteFideId "4167465"]
[BlackFideId "24113409"]
[EventDate "2014.06.04"]

1. d4 Nf6 2. c4 c5 3. d5 b5 4. cxb5 a6 5. bxa6 g6 6. Nc3 Bg7 7. e4 O-O 8. Nf3
Qa5 9. Bd2 Bxa6 10. Bxa6 Qxa6 11. Qe2 d6 12. Rb1 Nbd7 13. Qxa6 Rxa6 14. O-O Rb8
15. b3 Ne8 16. a4 Nc7 17. Ne2 f5 18. exf5 Nxd5 19. fxg6 hxg6 20. Nf4 Nxf4 21.
Bxf4 Rab6 22. Nd2 Bc3 23. Rfc1 Bxd2 24. Bxd2 Rxb3 25. Ra1 d5 26. Kf1 e5 27. a5
Kf7 28. Ke2 c4 29. a6 Ra8 30. Ra5 Ke6 31. f4 Rb2 32. fxe5 Nxe5 33. a7 Nc6 34.
Ra6 Kd7 35. Ke3 Rxa7 36. Rxa7+ Nxa7 37. Bc3 Rxg2 38. Kd4 Kc6 0-1

[Event "67th ch-RUS HL 2014"]
[Site "Vladivostok RUS"]
[Date "2014.06.11"]
[Round "7.22"]
[White "Usmanov, Vasily"]
[Black "Kravtsov, Sergey"]
[Result "1-0"]
[BlackTitle "IM"]
[WhiteElo "2428"]
[BlackElo "2311"]
[WhiteFideId "4135741"]
[BlackFideId "4123816"]
[EventDate "2014.06.04"]

1. Nf3 Nf6 2. g3 g6 3. Bg2 Bg7 4. O-O O-O 5. c4 d6 6. Nc3 c5 7. d4 Nc6 8. d5 Na5
9. Nd2 e6 10. Qc2 exd5 11. cxd5 a6 12. b3 b5 13. Bb2 Ra7 14. e4 Re8 15. h3 Bd7
16. Nd1 b4 17. Ne3 Bb5 18. Rfe1 Nd7 19. Bxg7 Kxg7 20. a4 bxa3 21. Rxa3 Nb7 22.
f4 f6 23. h4 Qe7 24. Qc3 Nd8 25. Ndc4 Nf7 26. Ra2 Qf8 27. h5 Kg8 28. hxg6 hxg6
29. Bf3 Kg7 30. Rh2 Qe7 31. g4 Rh8 32. Rxh8 Kxh8 33. g5 Kg8 34. gxf6 Qxf6 35.
Qxf6 Nxf6 36. e5 Ne8 37. Be4 Kg7 38. Kf2 Bxc4 39. Nxc4 Rb7 40. Rg1 Rxb3 41. Bxg6
Rc3 42. e6 Nh6 43. Bxe8+ Kf8 44. Nxd6 Ke7 45. Rg6 1-0

[Event "67th ch-RUS HL 2014"]
[Site "Vladivostok RUS"]
[Date "2014.06.11"]
[Round "7.23"]
[White "Nazaretyan, Tigran"]
[Black "Egorov, Dmitry"]
[Result "1/2-1/2"]
[BlackTitle "FM"]
[WhiteElo "2195"]
[BlackElo "2343"]
[WhiteFideId "24162345"]
[BlackFideId "4128303"]
[EventDate "2014.06.04"]

1. d4 Nf6 2. c4 e6 3. Nc3 Bb4 4. e3 O-O 5. Ne2 c5 6. a3 cxd4 7. exd4 Be7 8. Nf4
d5 9. cxd5 Nxd5 10. Ncxd5 exd5 11. Be2 Nc6 12. O-O Bf6 13. Be3 Qd6 14. Qd2 g6
15. Bf3 Ne7 16. Rfc1 Bd7 17. Qb4 Qxb4 18. axb4 Bc6 19. b5 Bxb5 20. Nxd5 Nxd5 21.
Bxd5 Rfd8 22. Bxb7 Rab8 23. Bf3 Bxd4 24. Bxd4 Rxd4 25. Rxa7 Ba4 26. Rcc7 Rxb2
27. g3 Bb3 28. Rab7 Rd3 29. Be4 Rd1+ 30. Kg2 Rdd2 31. Kg1 Rd4 32. Rc3 Rxe4 33.
Rcxb3 Rxb3 34. Rxb3 h5 35. h4 Kg7 36. Kg2 Rd4 37. Rb6 Rc4 38. Ra6 Rb4 39. Rd6
Rc4 40. Ra6 Rd4 1/2-1/2

[Event "67th ch-RUS HL 2014"]
[Site "Vladivostok RUS"]
[Date "2014.06.11"]
[Round "7.24"]
[White "Muratov, Sergey"]
[Black "Korniushin, Nikolay"]
[Result "0-1"]
[WhiteTitle "FM"]
[BlackTitle "IM"]
[WhiteElo "2219"]
[BlackElo "2357"]
[WhiteFideId "4131355"]
[BlackFideId "4123808"]
[EventDate "2014.06.04"]

1. d4 d6 2. Nf3 Nf6 3. c4 Nbd7 4. Nc3 e5 5. e4 c6 6. Be2 Be7 7. O-O O-O 8. Qc2
Re8 9. h3 h6 10. Rd1 Qc7 11. Be3 Bf8 12. Rac1 b6 13. b4 Bb7 14. d5 c5 15. a3 g6
16. Nd2 Kg7 17. Nb3 Be7 18. bxc5 Nxc5 19. Nxc5 bxc5 20. Nb5 Qd8 21. Rb1 Bc8 22.
Rb2 Nd7 23. Bg4 h5 24. Bxd7 Bxd7 25. Rdb1 f5 26. f3 f4 27. Bf2 g5 28. Nc3 g4 29.
hxg4 hxg4 30. fxg4 Bxg4 31. Rb7 Kg6 32. Nb5 Rh8 33. Nxa7 Bh4 34. Nc6 Bxf2+ 35.
Qxf2 Qg5 36. Ne7+ Kf6 37. R1b6 Rad8 38. Qxc5 Rh1+ 0-1

[Event "67th ch-RUS HL 2014"]
[Site "Vladivostok RUS"]
[Date "2014.06.12"]
[Round "8.1"]
[White "Jakovenko, Dmitry"]
[Black "Lysyj, Igor"]
[Result "1/2-1/2"]
[WhiteTitle "GM"]
[BlackTitle "GM"]
[WhiteElo "2736"]
[BlackElo "2670"]
[WhiteFideId "4122356"]
[BlackFideId "4150120"]
[EventDate "2014.06.04"]

1. e4 e6 2. d4 d5 3. Nc3 Nf6 4. e5 Nfd7 5. f4 c5 6. Nf3 Nc6 7. Be3 cxd4 8. Nxd4
Qb6 9. Qd2 Qxb2 10. Rb1 Qa3 11. Bb5 Nxd4 12. Bxd4 a6 13. Bxd7+ Bxd7 14. Rb3 Qe7
15. Rxb7 Qd8 16. Bb6 Qc8 17. Rc7 Qd8 18. Qd4 Ba3 19. Nb1 Be7 20. c4 Rb8 21. O-O
dxc4 22. Qf2 Bb5 23. Nc3 O-O 24. a4 Bb4 25. Na2 Bd2 26. axb5 Rxb6 27. Qxb6 Qd3
28. Rf3 Qb1+ 29. Rf1 Qd3 30. Rf3 Qb1+ 31. Rf1 Qd3 1/2-1/2

[Event "67th ch-RUS HL 2014"]
[Site "Vladivostok RUS"]
[Date "2014.06.12"]
[Round "8.2"]
[White "Grachev, Boris"]
[Black "Fedoseev, Vladimir3"]
[Result "1/2-1/2"]
[WhiteTitle "GM"]
[BlackTitle "GM"]
[WhiteElo "2661"]
[BlackElo "2662"]
[WhiteFideId "4129199"]
[BlackFideId "24130737"]
[EventDate "2014.06.04"]

1. d4 Nf6 2. c4 e6 3. Nf3 b6 4. e3 Bb7 5. Bd3 Bb4+ 6. Nbd2 O-O 7. O-O d5 8. a3
Be7 9. b4 Nbd7 10. c5 bxc5 11. bxc5 Bc6 12. Qc2 Rb8 13. a4 Rb4 14. Bb2 Qa8 15.
Bc3 Rbb8 16. Nb3 Ne4 17. Na5 Nxc3 18. Qxc3 Rfd8 19. Qc2 g6 20. Qe2 Bb7 21. Ba6
Bxa6 22. Qxa6 Rb2 23. Nc6 Re8 24. Rab1 Rc2 25. Nxe7+ Rxe7 26. Rb7 Nf6 27. Qxa7
Qxa7 28. Rxa7 Ne4 29. Ne5 f6 30. Nc6 Rf7 31. Ra1 f5 32. f3 f4 33. exf4 Nc3 34.
a5 Ne2+ 35. Kh1 Rxf4 36. a6 Rh4 37. Nb4 Rd2 38. Ra8+ Kg7 39. a7 Ng3+ 40. Kg1
Ne2+ 41. Kh1 Ng3+ 42. Kg1 Ne2+ 1/2-1/2

[Event "67th ch-RUS HL 2014"]
[Site "Vladivostok RUS"]
[Date "2014.06.12"]
[Round "8.3"]
[White "Zvjaginsev, Vadim"]
[Black "Alekseev, Evgeny"]
[Result "1/2-1/2"]
[WhiteTitle "GM"]
[BlackTitle "GM"]
[WhiteElo "2642"]
[BlackElo "2673"]
[WhiteFideId "4113403"]
[BlackFideId "4138147"]
[EventDate "2014.06.04"]

1. c4 e6 2. Nc3 d5 3. d4 Bb4 4. Bd2 Nf6 5. e3 O-O 6. Nf3 b6 7. Rc1 Be7 8. cxd5
exd5 9. Ne5 Bb7 10. g3 c5 11. Bg2 Nc6 12. Nxc6 Bxc6 13. dxc5 bxc5 14. O-O Rc8
15. Ne2 Qb6 16. Bc3 Rfd8 17. Re1 h6 18. Nf4 d4 19. exd4 cxd4 20. Bd2 Bxg2 21.
Rxc8 Rxc8 22. Kxg2 Bb4 23. Bxb4 Qxb4 24. Nd3 Qc4 25. a3 Rb8 26. Qf3 Rb3 27. Ne5
Qe6 28. Qa8+ Kh7 29. Ng6 Qxe1 30. Nf8+ Kh8 31. Ng6+ Kh7 32. Nf8+ Kg8 33. Ne6+
Kh7 34. Nf8+ Kh8 35. Ng6+ Kh7 36. Nf8+ 1/2-1/2

[Event "67th ch-RUS HL 2014"]
[Site "Vladivostok RUS"]
[Date "2014.06.12"]
[Round "8.4"]
[White "Najer, Evgeniy"]
[Black "Tomashevsky, Evgeny"]
[Result "1/2-1/2"]
[WhiteTitle "GM"]
[BlackTitle "GM"]
[WhiteElo "2653"]
[BlackElo "2695"]
[WhiteFideId "4118987"]
[BlackFideId "4147235"]
[EventDate "2014.06.04"]

1. e4 e5 2. Nf3 Nc6 3. Bb5 a6 4. Ba4 Nf6 5. O-O Be7 6. d3 b5 7. Bb3 d6 8. a4 Bd7
9. c3 O-O 10. Bc2 Re8 11. Re1 b4 12. Nbd2 Rb8 13. Nc4 h6 14. a5 Bf8 15. Bd2 bxc3
16. bxc3 Qc8 17. h3 Ne7 18. Nh4 Be6 19. Ne3 g6 20. d4 Bg7 21. Rb1 Rxb1 22. Qxb1
Qa8 23. d5 Bd7 24. Qa2 c6 25. c4 c5 26. Nd1 Qc8 27. Nf3 Qc7 28. Re3 Rb8 29. Rb3
Nc8 30. Nb2 Be8 31. Na4 Rxb3 32. Qxb3 Nd7 33. h4 h5 34. g3 Bf6 35. Bd3 Bd8 36.
Bf1 Qb8 37. Qxb8 Nxb8 38. Nb2 f6 39. Ne1 Ne7 40. Bh3 Bd7 41. Kh2 Kg7 42. Ned3
Ng8 43. f3 Nh6 44. Nd1 Bxh3 45. Kxh3 f5 46. N1f2 1/2-1/2

[Event "67th ch-RUS HL 2014"]
[Site "Vladivostok RUS"]
[Date "2014.06.12"]
[Round "8.5"]
[White "Khismatullin, Denis"]
[Black "Vorobiov, Evgeny E."]
[Result "1-0"]
[WhiteTitle "GM"]
[BlackTitle "GM"]
[WhiteElo "2671"]
[BlackElo "2587"]
[WhiteFideId "4142578"]
[BlackFideId "4121341"]
[EventDate "2014.06.04"]

1. c4 c5 2. Nf3 Nf6 3. d4 cxd4 4. Nxd4 Nc6 5. Nc3 g6 6. e4 d6 7. f3 Nxd4 8. Qxd4
Bg7 9. Be3 O-O 10. Qd2 a5 11. b3 Bd7 12. Be2 Bc6 13. O-O Nd7 14. Rfd1 Nc5 15.
Rac1 Qb6 16. Nd5 Bxd5 17. cxd5 Qb4 18. Rc2 Qxd2 19. Bxd2 h5 20. Bb5 Kh7 21. Bg5
f6 22. Be3 Bh6 23. Bxc5 dxc5 24. Kf2 Rac8 25. g3 Rfd8 26. f4 g5 27. Kf3 gxf4 28.
gxf4 e5 29. fxe5 fxe5 30. d6 Rf8+ 31. Ke2 Rf4 32. d7 Rcf8 33. Kd3 b6 34. Rg2 Rd8
35. Kc3 Rf6 36. Kc4 Bf4 37. Rd3 Kh6 38. Kd5 h4 39. Rh3 Bg5 40. Kxe5 1-0

[Event "67th ch-RUS HL 2014"]
[Site "Vladivostok RUS"]
[Date "2014.06.12"]
[Round "8.6"]
[White "Shimanov, Aleksandr"]
[Black "Demchenko, Anton"]
[Result "1/2-1/2"]
[WhiteTitle "GM"]
[BlackTitle "GM"]
[WhiteElo "2643"]
[BlackElo "2613"]
[WhiteFideId "4198603"]
[BlackFideId "4160258"]
[EventDate "2014.06.04"]

1. d4 Nf6 2. Bg5 g6 3. Bxf6 exf6 4. c4 d5 5. cxd5 Qxd5 6. Nc3 Qd8 7. g3 c6 8.
Bg2 f5 9. e3 Bd6 10. Nge2 O-O 11. O-O Nd7 12. a3 Nf6 13. b4 Qe7 14. b5 c5 15.
dxc5 Bxc5 16. Nf4 Be6 17. Nxe6 fxe6 18. Qb3 Kg7 19. Na4 Bd6 20. Rfd1 Rfd8 21. b6
e5 22. bxa7 Rxa7 23. Nc3 e4 24. Nb5 Ra6 25. Rab1 Be5 26. Rxd8 Qxd8 27. Nd4 Kh6
28. Qxb7 Rxa3 29. Ne6 Qd7 30. Qxd7 Nxd7 31. Rb7 Ra1+ 32. Bf1 Rd1 33. h4 Bf6 34.
Kg2 Ne5 35. Nf8 Bg7 36. Ne6 Bf6 37. Nf8 Bg7 38. Ne6 Bf6 39. Nf8 Bg7 40. Ne6 Bf6 1/2-1/2

[Event "67th ch-RUS HL 2014"]
[Site "Vladivostok RUS"]
[Date "2014.06.12"]
[Round "8.8"]
[White "Matlakov, Maxim"]
[Black "Goganov, Aleksey"]
[Result "1-0"]
[WhiteTitle "GM"]
[BlackTitle "GM"]
[WhiteElo "2689"]
[BlackElo "2591"]
[WhiteFideId "4168003"]
[BlackFideId "24109959"]
[EventDate "2014.06.04"]

1. d4 Nf6 2. c4 g6 3. Nf3 Bg7 4. g3 O-O 5. Bg2 d6 6. O-O Nbd7 7. Nc3 e5 8. b3 c6
9. e4 Qb6 10. Bb2 exd4 11. Nxd4 Nc5 12. Qc2 a5 13. Rad1 a4 14. h3 Nfd7 15. Nce2
Ne5 16. Bc1 Re8 17. Kh2 axb3 18. axb3 Na6 19. Be3 Nb4 20. Qb1 c5 21. Nb5 d5 22.
Rxd5 Nxd5 23. exd5 Bf5 24. Qd1 Bd3 25. d6 Ra2 26. Nec3 Bxf1 27. Qxf1 Qa5 28.
Nxa2 Qxa2 29. Qd1 b6 30. Nc3 Qa7 31. Qd5 Qd7 32. Ne4 Re6 33. f4 Nc6 34. Bxc5
bxc5 35. Nxc5 Qxd6 36. Nxe6 Qxe6 37. Qxc6 Bf8 38. Qxe6 fxe6 39. Kg1 Bc5+ 40. Kf1
Kf7 41. Ke2 Ke7 42. Be4 Bb4 43. g4 Kd6 44. g5 Kc5 45. h4 Kd4 46. Kf3 Be7 47. Bb1
Bf8 48. h5 gxh5 49. Bxh7 e5 50. Be4 exf4 51. Kxf4 1-0

[Event "67th ch-RUS HL 2014"]
[Site "Vladivostok RUS"]
[Date "2014.06.12"]
[Round "8.9"]
[White "Sjugirov, Sanan"]
[Black "Gabrielian, Artur"]
[Result "1/2-1/2"]
[WhiteTitle "GM"]
[BlackTitle "GM"]
[WhiteElo "2645"]
[BlackElo "2544"]
[WhiteFideId "4189302"]
[BlackFideId "4131002"]
[EventDate "2014.06.04"]

1. e4 c5 2. Nf3 e6 3. d4 cxd4 4. Nxd4 Nf6 5. Nc3 d6 6. g4 h6 7. Rg1 Nc6 8. h4 d5
9. exd5 Nxd5 10. Nxd5 Qxd5 11. Bg2 Qc4 12. Be3 Bd7 13. Nxc6 Bxc6 14. Qd4 Qb4+
15. c3 Qxd4 16. Bxc6+ bxc6 17. Bxd4 c5 18. Be3 O-O-O 19. Ke2 Be7 20. h5 Kb7 21.
b4 cxb4 22. cxb4 Rd5 23. Rac1 Rhd8 24. Rc4 R8d7 25. Rgc1 Bg5 26. f4 Bd8 27. Rc5
Rd3 28. R1c3 Rxc3 29. Rxc3 Be7 30. a3 a6 31. Rd3 Rc7 32. Bd4 Bd6 33. Be3 Rc2+
34. Kd1 Rc6 35. Kd2 g6 36. Rc3 gxh5 37. gxh5 a5 38. Kd3 axb4 39. axb4 Rxc3+ 40.
Kxc3 f5 41. b5 Bc7 42. Kd3 Bb8 43. Ke2 Bc7 44. Kf3 Bd6 45. Bd4 Bf8 46. Ke3 Kc7
47. Kd3 Bd6 48. Ke3 Bf8 49. Bf6 Bc5+ 50. Kd3 Bd6 51. Ke3 Bc5+ 52. Kf3 Bf8 53.
Bd4 Kb7 54. Ke2 Bd6 55. Ke3 Bf8 56. Kd3 Bd6 57. Be3 Bc7 58. Kc3 Bd6 59. Kc4 Kc7
60. Kb3 Kb7 61. Ka4 e5 62. fxe5 Bxe5 63. Kb3 f4 64. Bc5 f3 65. Kc4 Bc7 66. Kd3
Bb6 67. Bb4 f2 68. Ke2 Be3 69. Ba5 Ka7 70. Bc7 Kb7 71. Bg3 Kb6 72. Bxf2 Bxf2 73.
Kxf2 1/2-1/2

[Event "67th ch-RUS HL 2014"]
[Site "Vladivostok RUS"]
[Date "2014.06.12"]
[Round "8.10"]
[White "Airapetian, Gor"]
[Black "Kobalia, Mikhail"]
[Result "0-1"]
[WhiteTitle "IM"]
[BlackTitle "GM"]
[WhiteElo "2472"]
[BlackElo "2627"]
[WhiteFideId "4177916"]
[BlackFideId "4119150"]
[EventDate "2014.06.04"]

1. d4 d5 2. c4 c6 3. Nc3 dxc4 4. e3 b5 5. a4 b4 6. Ne4 Qd5 7. Nd2 c3 8. bxc3
bxc3 9. Nb1 Qa5 10. Qc2 Na6 11. Ba3 e5 12. Bxf8 Kxf8 13. Bxa6 Bxa6 14. Qxc3 Qd5
15. Nf3 exd4 16. Qxd4 Nf6 17. Nbd2 Ke7 18. Rc1 Rhc8 19. Rc5 Qxd4 20. exd4 Nd5
21. Kd1 Nb4 22. Re1+ Kf8 23. Ra5 c5 24. Re3 cxd4 25. Nxd4 Bd3 26. N2b3 Rd8 27.
Rc5 Rab8 28. Ke1 Ba6 29. Ra5 Rb6 30. Rc3 Rbd6 31. f3 Re8+ 32. Kd1 Red8 33. Ke1
Re8+ 34. Kd1 Re7 35. h4 g6 36. h5 Kg7 37. hxg6 hxg6 38. Rac5 Red7 39. Rc7 Nd5
40. Rxd7 Nxc3+ 41. Kc2 Rxd7 42. Kxc3 Bf1 43. g3 Kf6 44. Nd2 Bg2 45. Ne4+ Ke7 46.
Nc6+ Kf8 47. Nd4 Rb7 48. Kc4 Rb2 49. Nc3 Rf2 50. Nd1 Ra2 51. Nc3 Ra1 52. Kb4 Rf1
53. f4 Re1 54. Ncb5 a6 55. Nc7 Bf1 56. Nd5 Rd1 57. Kc3 Rd3+ 0-1

[Event "67th ch-RUS HL 2014"]
[Site "Vladivostok RUS"]
[Date "2014.06.12"]
[Round "8.11"]
[White "Chekhov, Sergei"]
[Black "Khairullin, Ildar"]
[Result "0-1"]
[WhiteTitle "IM"]
[BlackTitle "GM"]
[WhiteElo "2467"]
[BlackElo "2648"]
[WhiteFideId "4195639"]
[BlackFideId "4151348"]
[EventDate "2014.06.04"]

1. e4 c5 2. Nf3 Nc6 3. c3 Nf6 4. e5 Nd5 5. d4 cxd4 6. cxd4 d6 7. exd6 Qxd6 8.
Nc3 Bg4 9. Bc4 e6 10. O-O Be7 11. h3 Bh5 12. Be3 Nxe3 13. fxe3 O-O 14. a3 Rac8
15. Ne4 Qd8 16. Ba2 Qb6 17. Qe2 Bg6 18. Nf2 Rc7 19. Bb1 Bxb1 20. Raxb1 Nb8 21.
Rbc1 Rfc8 22. Rxc7 Rxc7 23. Ne4 Nd7 24. Rd1 h6 25. b4 Qc6 26. Nc5 Nf6 27. Ne5
Qd5 28. Rf1 b6 29. Ncd3 Bd6 30. Qf2 Qe4 31. Qf3 Qxf3 32. Rxf3 Ne4 33. Rf1 f6 34.
Nf3 Rc3 35. Nf4 Kf7 36. d5 e5 37. Ne6 Rd3 38. Nd8+ Ke8 39. Ne6 Kf7 40. Nd8+ Kg8
41. Nc6 a6 42. Nh4 Rxd5 43. Nf5 Rd3 44. g4 Bf8 45. Kg2 g6 46. Nh4 Kg7 47. Rc1
Bd6 48. Nd8 Rd2+ 49. Kg1 Ng5 50. Rc6 e4 51. Rxb6 Bg3 52. Rb7+ Kg8 53. Nc6 Nf3+
54. Nxf3 exf3 55. Rb8+ Kf7 56. Rd8 Rg2+ 57. Kf1 Rh2 58. Rd7+ Ke6 0-1

[Event "67th ch-RUS HL 2014"]
[Site "Vladivostok RUS"]
[Date "2014.06.12"]
[Round "8.12"]
[White "Potkin, Vladimir"]
[Black "Oparin, Grigoriy"]
[Result "1/2-1/2"]
[WhiteTitle "GM"]
[BlackTitle "GM"]
[WhiteElo "2621"]
[BlackElo "2552"]
[WhiteFideId "4131061"]
[BlackFideId "24125890"]
[EventDate "2014.06.04"]

1. c4 e6 2. Nc3 d5 3. d4 Be7 4. cxd5 exd5 5. Bf4 c6 6. e3 Bf5 7. g4 Be6 8. h4 h6
9. Bd3 Nd7 10. h5 Nb6 11. f3 Bd6 12. Nge2 Qe7 13. Kf2 Nf6 14. Bxd6 Qxd6 15. Qg1
O-O-O 16. Qg3 Ne8 17. Rab1 Kb8 18. Rhg1 Qxg3+ 19. Nxg3 Nd7 20. Nge2 Nd6 21. Nf4
Rhe8 22. Nce2 Re7 23. Ng3 c5 24. dxc5 Nxc5 25. Nge2 d4 26. Nxd4 Bxa2 27. Rbc1
Nb3 28. Nxb3 Bxb3 29. g5 hxg5 30. Rxg5 f6 31. Rg6 Ne8 32. h6 gxh6 33. Rc3 Ba4
34. Rxh6 Bc6 35. e4 a5 36. Nh5 Re6 37. b3 Red6 38. Ke3 b5 39. Nf4 Kb7 40. Be2
Kb6 41. Rh5 Nc7 42. Rf5 1/2-1/2

[Event "67th ch-RUS HL 2014"]
[Site "Vladivostok RUS"]
[Date "2014.06.12"]
[Round "8.13"]
[White "Stukopin, Andrey"]
[Black "Maletin, Pavel"]
[Result "1/2-1/2"]
[WhiteTitle "GM"]
[BlackTitle "GM"]
[WhiteElo "2546"]
[BlackElo "2588"]
[WhiteFideId "24107131"]
[BlackFideId "4146786"]
[EventDate "2014.06.04"]

1. e4 e5 2. Nf3 Nc6 3. Bc4 Bc5 4. d3 Nf6 5. O-O d6 6. c3 a6 7. Bb3 h6 8. Nbd2
O-O 9. Re1 Be6 10. Nf1 Bxb3 11. Qxb3 Qd7 12. Ng3 Rfe8 13. Be3 Bxe3 14. fxe3 Ne7
15. Nh4 Rab8 16. Rf1 Qe6 17. Qc2 g6 18. h3 Rf8 19. a4 Kg7 20. Rf2 Nh7 21. a5 f6
22. Kh2 Rf7 23. Qa4 Ng5 24. Raf1 Rbf8 25. Qb4 Qc8 26. Nf3 Nxf3+ 27. Rxf3 Nc6 28.
Qa4 Qd7 29. Qa2 h5 30. b4 Ne7 31. Qc4 Ng8 32. d4 Nh6 33. Qd3 Qe7 34. c4 Re8 35.
d5 Ref8 36. Ne2 f5 37. exf5 Nxf5 38. e4 Nh4 39. Rxf7+ Rxf7 40. Rxf7+ Qxf7 41.
Kg1 g5 42. Qe3 Kg6 43. b5 g4 44. hxg4 hxg4 45. Qf2 Qe7 46. Ng3 Qg5 47. Qf8 Nf3+
48. gxf3 Qe3+ 49. Kf1 Qd3+ 50. Kf2 Qd4+ 51. Kf1 Qd3+ 52. Kf2 1/2-1/2